Sports Quiz

Random Sports or Alphabet Quiz

NBA PPG A-Z Quiz Stats

 Plays Quiz not verified by Sporcle

Challenge
Share
Tweet
Embed
Score 0/69 Timer 10:00
0 Plays Today
Letter NBA Player % Correct
A (New York Knicks)Carmelo Anthony
97.8%
B (Los Angeles Lakers)Kobe Bryant
97.4%
A (Boston Celtics)Ray Allen
96.5%
D (Oklahoma City Thunder)Kevin Durant
96%
J (Miami Heat)LeBron James
93.4%
A (Portland Trail Blazers)LaMarcus Aldridge
92.5%
N (Dallas Mavericks)Dirk Nowitzki
92.1%
R (Chicago Bulls)Derrick Rose
92.1%
H (Orlando Magic)Dwight Howard
91.6%
P (San Antonio Spurs)Tony Parker
91.2%
W (Miami Heat)Dwyane Wade
91.2%
C (Golden State Warriors)Stephen Curry
90.7%
P (Boston Celtics)Paul Pierce
90.7%
W (Oklahoma City Thunder)Russell Westbrook
90.7%
E (Golden State Warriors)Monta Ellis
89.9%
L (Minnesota Timberwolves)Kevin Love
89.9%
G (Los Angeles Clippers)Blake Griffin
89%
J (Atlanta Hawks)Joe Johnson
89%
G (Indiana Pacers)Danny Granger
88.5%
N (Phoenix Suns)Steve Nash
88.1%
S (New York Knicks)Amar'e Stoudemire
87.7%
W (New Jersey Nets)Deron Williams
87.7%
P (New Orleans Hornets)Chris Paul
87.2%
I (Philadelphia 76ers)Andre Iguodala
86.8%
B (Toronto Raptors)Andrea Bargnani
86.3%
D (Chicago Bulls)Luol Deng
84.1%
O (Los Angeles Lakers)Lamar Odom
84.1%
H (Atlanta Hawks)Al Horford
83.7%
S (Atlanta Hawks)Josh Smith
83.7%
E (Sacramento Kings)Tyreke Evans
83.3%
L (New Jersey Nets)Brook Lopez
83.3%
T (Dallas Mavericks)Jason Terry
82.8%
R (Memphis Grizzlies)Zach Randolph
82.4%
I (Oklahoma City Thunder)Serge Ibaka
80.6%
M (Houston Rockets)Kevin Martin
78.9%
Letter NBA Player % Correct
G (Los Angeles Clippers)Eric Gordon
78%
K (Utah Jazz)Andrei Kirilenko
76.7%
K (Los Angeles Clippers)Chris Kaman
76.7%
N (Denver Nuggets)Nene
76.7%
Y (Washington Wizards)Nick Young
76.2%
Y (Philadelphia 76ers)Thaddeus Young
76.2%
Y (Memphis Grizzlies)Sam Young
76.2%
D (Toronto Raptors)DeMar DeRozan
75.8%
B (Minnesota Timberwolves)Michael Beasley
75.3%
J (Utah Jazz)Al Jefferson
73.1%
C (Atlanta Hawks)Jamal Crawford
69.2%
S (Houston Rockets)Luis Scola
68.7%
L (Golden State Warriors)David Lee
68.3%
T (Orlando Magic)Hedo Turkoglu
68.3%
F (Denver Nuggets)Raymond Felton
67.4%
M (Utah Jazz)Paul Millsap
66.5%
U (Sacramento Kings)Beno Udrih
66.1%
C (Denver Nuggets)Wilson Chandler
65.6%
R (Orlando Magic)Jason Richardson
64.8%
V (Cleveland Cavaliers)Anderson Varejao
60.8%
H (Utah Jazz)Devin Harris
59.9%
O (New Orleans Hornets)Emeka Okafor
59.5%
F (Phoenix Suns)Channing Frye
56.8%
V (Detroit Pistons)Charlie Villanueva
55.1%
F (New York Knicks)Landry Fields
52.9%
M (Portland Trail Blazers)Wesley Matthews
50.2%
I (Milwaukee Bucks)Ersan Ilyasova
47.6%
U (Golden State Warriors)Ekpe Udoh
38.3%
E (Cleveland Cavaliers)Christian Eyenga
30.8%
O (New Jersey Nets)Travis Outlaw
30.4%
K (Toronto Raptors)Linas Kleiza
29.1%
V (New Jersey Nets)Sasha Vujacic
26%
T (Sacramento Kings)Marcus Thornton
25.6%
U (New Jersey Nets)Ben Uzoh
18.1%

You're not logged in!

Compare scores with friends on all Sporcle quizzes.
OR
Log In

You Might Also Like...

Show Comments

Extras

Top Quizzes Today


Score Distribution

Your Account Isn't Verified!

In order to create a playlist on Sporcle, you need to verify the email address you used during registration. Go to your Sporcle Settings to finish the process.

Report this User

Report this user for behavior that violates our Community Guidelines.

Details: